Vista normal
Vista MARC
Entrada Materia (corporativa)
Número de registros utilizados en: 1
001 - CONTROL NUMBER
- control field: 79954
003 - CONTROL NUMBER IDENTIFIER
- control field: Co-BoUCM
005 - DATE AND TIME OF LATEST TRANSACTION
- control field: 20160912161450.0
008 - FIXED-LENGTH DATA ELEMENTS
- fixed length control field: 160912|| aca||aabn | a|a d
040 ## - CATALOGING SOURCE
- Original cataloging agency: Co-BoUCM
- Transcribing agency: Co-BoUCM
110 ## - HEADING--CORPORATE NAME
- Corporate name or jurisdiction name as entry element: Archivo General de la Nación
- General subdivision: Publicaciones periódicas
670 ## - SOURCE DATA FOUND
- Source citation: Work cat.: (Co-BoUCM): Archivo General de la Nación Publicación del laboratorio de restauración 79953, ConTacto, 1994 - 2007